MDQL
is popping MORE tags! Check the
thread
!
Quizzes
Events
Quiz Creation
Community
Videos
Private Events
Remove Ads
Sign In
Join for FREE
Feedback
Dark Mode
Quiz Categories
Sports
Geography
Music
Movies
Television
Just For Fun
Miscellaneous
History
Literature
Language
Science
Gaming
Entertainment
Religion
Holiday
For Kids
Quiz Lab
Recent
Popular Today
Quiz Kudos Today
Editor Picks
Curator Picks
Quizzes by...
Day
Popularity
Type
Ratings
Length
Year
Community
Subscriptions
Recent Discussions
Orange Saloon
Badges
Playlists
Quests
Create
Leaderboards
Showdown
Live 5
Trivia Bingo
Activity
Puzzle Library
Sporcle Events
Private Events
Virtual Trivia
Globe League
Become a Host
Pub Owners
SporcleCon
Opinionation
Our Games
Videos
Blog
Mobile Apps
Partnerships
Remove Ads and Go Orange
Feedback
History
US Presidents
World Leaders
Politics
Nation
Discovery
War
Decade
Year
Century
Biography
Art
History
US Presidents
World Leaders
Politics
Nation
Discovery
War
Decade
Year
Century
Biography
Art
Random Quiz
Search Sporcle
×
Quiz Lab
Quiz Lab
History
World
Type in answers that appear in a list
Type in answers that appear in a list
Classic
Best Score? Go Orange.
Chapter 4-6 AP World History Review Stats
Chapter 4-6 Review
By
sreznik7357
15m
26 Questions
139 Plays
139 Plays
139 Plays
Comments
Comments
Give Quiz Kudos
Give Quiz Kudos
-
- Ratings
hide this ad
Replay
Link that replays current quiz
Next Quiz
Link to next quiz in quiz playlist
You Got
0%
They Got
Avg Score
41%
Avg Friend Score
Upgrade to see
Score Distribution
Jump to the score distribution portion of the page
Score
0/26
Timer
15:00
0
Plays Today
Hint
Answer
% Correct
Religion that originated in India, but became popular in China
Buddhism
81.3%
Monotheistic religion that focuses on ethical principles in the Torah
Judaism
77%
Series of three wars between Rome and Carthage
Punic Wars
60.4%
Monotheistic religion that spread after the fall of the Roman Empire
Christianity
59.7%
The educator of Alexander the Great
Aristotle
54.7%
A persons actions affect their destiny in a future life (of Hindu belief)
Karma
54%
The time period between 500 BCE to 500 CE
Classical Period
53.2%
First dominant empire of China
Qin
50.4%
The earliest sacred texts of Hinduism
Vedas
48.2%
Chinese philosophy that valued expansion through increased agricultural work and military service
Legalism
46%
Time of peace and minimal expansion in Rome
Pax Romana
42.4%
First emperor of China
Shi Huangdi
39.6%
Roman General who ended the Roman Republic through powerful legions
Julius Caesar
38.1%
Hint
Answer
% Correct
Era of Greek learning and culture
Hellenistic Era
36%
The war between the Athens and Sparta
Peloponnesian War
34.5%
Massive Chinese peasant rebellion that was inspired by Daoist teachings
Yellow Turban Rebellion
33.1%
Year Rome officially falls
476 AD
30.9%
Wave of civilizations that followed the Egyptians and Mesopotamians
Second Wave Civilizations
30.2%
Large trading route in Persia that helped unify the empire
Royal Road
30.2%
Hindu priests
Brahmins
30.2%
The last unsuccessful revolt of the roman slaves
Third Servile War
26.6%
The Confucian belief that an individual should provide love and respect for their parents and ancestors
Filial piety
26.6%
Creator of Daoism
Lao Tzu
26.6%
The reason behind India's inability to develop a powerful empire
Caste System
26.6%
Representatives of the people in the government of the Roman Empire
Tribunes
23.7%
Greatest architectural invention
Roman Arch
18.7%
Quiz Playlist
Details
Report
Send in Message
Add To Playlist
Classic:
Type in answers that appear in a list
Last Updated: Feb 16, 2017
Quiz Scoreboard
CHALLENGE
Sign Up to Join the Scoreboard
Show All
Scores
Hide
Comments
May contain spoilers
Recently Published
Holiday 10x10 Sorting Gallery
by lukepisani3
Holiday
15m
Two Season TV Shows II
by 123Four
Television
10m
Image Sorting: Flags VI
by Barbecue
Geography
2m
More to Explore
Quiz From the Vault
Featured Blog Post
14 Easter Pick-up Lines to Find Eggs With
hide this ad
You Might Also Like...
Tags
World Quiz
4-6
Chapter
Review
Today's Top Quizzes in History
Browse History
hide this ad
Today's Top Quizzes in World
Browse World
Top Contributed Quizzes in History
1
I Am Born On March 29th
2
Order Up: 1000 Years of World Events I
3
US National Parks Named After People
4
Popular People in 1991
5
Popular People in 1951
6
Popular People in 1981
7
Popular People in 1941
8
Popular People in 1986
9
Popular People in 1976
10
Popular People in 1921
Explore More
Trending Topics
Anime
Harry Potter
Crossword
Marvel
Disney
Kpop
NBA
Song
Pokémon
The Office
Country
NFL
WWE
Puzzle
Soccer
hide this ad
More By:
sreznik7357
Quiz
Plays
Rating
Category
Featured
Created
Chapter 4-6 AP World History Review
139
History
May 1, 2015
Go to Creator's Profile
Score Distribution
Quiz Creator Spotlight
sreznik7357
Follow
Send a Message
Quizzes Created
-
Created Quiz Play Count
-
More By This Creator
Popular Quizzes Today
1
Find the US States - No Outlines Minefield
2
Colored Red Africa Blitz
3
Find the 'City' Movie
4
The Countries of the World
5
5x2 Blitz: Bands
6
Find the US States
7
Find the Countries of Europe - No Outlines Minefield
8
US States
More History Quizzes
Champions of Peace
Editor's Pick
Trending Quizzes
Colored Red Europe Blitz I
Colored Red Europe Blitz II
Colored Red Africa Blitz II
Colored Red Europe Blitz III
Colored Red Africa Blitz III
Recently Updated
Odd Team Out - Big 4 Players
pecheneg
Quick Pick: 20 Twenties
pecheneg
March Madness Men's Triple Doubles
pecheneg
How Do You Spell That?
pecheneg
Godzilla Movies
pecheneg
Grab Bag: 4-10 Letters
pecheneg
2024 March Madness Bracket
pecheneg
Famous TV Couples
Peacemaker
Champions League XIs: Real Madrid
pecheneg
Largest US Cities 1790-2010
pecheneg
Trending Topics
Crossword
Disney
Harry Potter
Anime
Kpop
NBA
Marvel
NFL
Song
Pokémon
Country
WWE
The Office
Soccer
Puzzle
Your Account Isn't Verified!
In order to create a playlist on Sporcle, you need to verify the email address you used during registration. Go to your
Sporcle Settings
to finish the process.
Report this User
Report this user for behavior that violates our
Community Guidelines
.
Details:
Send Report
Go to the Sporcle.com Mobile Site →
Comments